000 00361nam a2200157Ia 4500
008 160316s1993 xxu||||| |||| 00| 0 eng d
082 _a346.096200
_bWIL-1
100 _aWilson John
245 _aCarriage of goods by sea
250 _a2ND
260 _aLondon
_bPitman Publishing
_c1993
300 _a478p
_b
_cil
365 _b
650 _a
700 _a
_a
999 _c18256
_d18256